Catálogo

La restauración del Ex Convento de Santo Domingo : (Registro nro. 41490)

Detalles MARC
000 -LEADER
fixed length control field 01619cam a2200385 i 4500
001 - CONTROL NUMBER
control field 41490
003 - CONTROL NUMBER IDENTIFIER
control field Mx-PuUPA
005 - DATE AND TIME OF LATEST TRANSACTION
control field 20240730124921.0
008 - FIXED-LENGTH DATA ELEMENTS--GENERAL INFORMATION
fixed length control field 140415s2000 mx ao gr 000 0 spa d
017 ## - COPYRIGHT OR LEGAL DEPOSIT NUMBER
Copyright or legal deposit number M-43934-2000
020 ## - INTERNATIONAL STANDARD BOOK NUMBER
International Standard Book Number 9701856392
040 ## - CATALOGING SOURCE
Transcribing agency Mx-PuUPA
Original cataloging agency Mx-PuUPA
Language of cataloging spa
Modifying agency Mx-PuUPA
Description conventions rda
041 0# - LANGUAGE CODE
Language code of text/sound track or separate title spa
100 1# - MAIN ENTRY--PERSONAL NAME
Personal name Lastra, Enrique,
9 (RLIN) 15488
Relator term autor
245 13 - TITLE STATEMENT
Title La restauración del Ex Convento de Santo Domingo :
Remainder of title Oaxaca /
Statement of responsibility, etc. coordinación, Juan Urquiaga ; textos, Enrique Lastra, Manuel Serrano, Verónica Loera y Chávez
264 #1 - PRODUCTION, PUBLICATION, DISTRIBUTION, MANUFACTURE, AND COPYRIGHT NOTICE
Place of production, publication, distribution, manufacture México,D.F. :
Name of producer, publisher, distributor, manufacturer DGE Ediciones : Consejo Nacional para la Cultura y las Artes ;
Date of production, publication, distribution, manufacture, or copyright notice 2000
300 ## - PHYSICAL DESCRIPTION
Extent 226 páginas :
Other physical details ilustraciones, fotografías (en color) ;
Dimensions 33 cm
336 ## - CONTENT TYPE
Fuente rdacontent
Content type term texto
Content type code txt
336 ## - CONTENT TYPE
Fuente rdaconten
Content type term imagen fija
Content type code sti
337 ## - MEDIA TYPE
Source rdamedia
Media type term sin medio
Media type code n
338 ## - CARRIER TYPE
Source rdacarrier
Carrier type term volumen
Carrier type code nc
610 #4 - SUBJECT ADDED ENTRY--CORPORATE NAME
Corporate name or jurisdiction name as entry element Convento de Santo Domingo (Oaxaca)
650 #7 - SUBJECT ADDED ENTRY--TOPICAL TERM
Source of heading or term armarc
Topical term or geographic name entry element Convento de Santo Domingo (Oaxaca)
General subdivision
650 #7 - SUBJECT ADDED ENTRY--TOPICAL TERM
Source of heading or term armarc
Topical term or geographic name entry element Conventos de Oaxaca (México)
General subdivision Edificios restauración
650 #7 - SUBJECT ADDED ENTRY--TOPICAL TERM
Source of heading or term armarc
Topical term or geographic name entry element Preservación del patrimonio cultural de México
650 #7 - SUBJECT ADDED ENTRY--TOPICAL TERM
Source of heading or term armarc
Topical term or geographic name entry element Arquitectura religiosa
Geographic subdivision México
650 #7 - SUBJECT ADDED ENTRY--TOPICAL TERM
Source of heading or term armarc
Topical term or geographic name entry element Monasterios
General subdivision Remodelación
Geographic subdivision Oaxaca
700 1# - ADDED ENTRY--PERSONAL NAME
Personal name Urquiaga, Juan,
Relator term coordinador
700 1# - ADDED ENTRY--PERSONAL NAME
Personal name Serrano, Manuel,
Relator term autor
700 1# - ADDED ENTRY--PERSONAL NAME
Personal name Loera y Chávez, Verónica,
Relator term autor
942 ## - ADDED ENTRY ELEMENTS (KOHA)
Source of classification or shelving scheme Dewey Decimal Classification
Koha item type Libro
Classification part 720.286097274
Item part L337
Existencias
Withdrawn status Lost status Source of classification or shelving scheme Damaged status Not for loan Collection code Home library Current library Shelving location Date acquired Source of acquisition Total Checkouts Full call number Barcode Date last seen Copy number Price effective from Koha item type
    Dewey Decimal Classification     Referencia Biblioteca Karol Wojtyla Biblioteca Karol Wojtyla Área de silencio 03/12/2013 Donación   720.286097274 L337 2000 62409 05/01/2026 Ej.2 03/12/2013 Folio
    Dewey Decimal Classification     Referencia Biblioteca Karol Wojtyla Biblioteca Karol Wojtyla Área de silencio 03/12/2013 Donación   720.286097274 L337 2000 62576 05/01/2026   03/12/2013 Folio